Applied Mechanics : strength and elasticity of materials theory and design of structures theory of machines and hydraulics (Record no. 64868)

000 -LEADER
fixed length control field 00538nam a22001817a 4500
003 - CONTROL NUMBER IDENTIFIER
control field NUST - PNEC
005 - DATE AND TIME OF LATEST TRANSACTION
control field 20170116180858.0
008 - FIXED-LENGTH DATA ELEMENTS--GENERAL INFORMATION
fixed length control field 150831b xxu||||| |||| 00| 0 eng d
020 ## - INTERNATIONAL STANDARD BOOK NUMBER
International Standard Book Number -
040 ## - CATALOGING SOURCE
Transcribing agency LIBRARY
082 ## - DEWEY DECIMAL CLASSIFICATION NUMBER
Classification number 620.1 LOW
100 ## - MAIN ENTRY--PERSONAL NAME
9 (RLIN) 6043
Personal name Low, David Allan
245 ## - TITLE STATEMENT
Title Applied Mechanics : strength and elasticity of materials theory and design of structures theory of machines and hydraulics
Statement of responsibility, etc. David Allan Low
250 ## - EDITION STATEMENT
Edition statement 24th ed.
260 ## - PUBLICATION, DISTRIBUTION, ETC.
Date of publication, distribution, etc. c.1952
650 ## - SUBJECT ADDED ENTRY--TOPICAL TERM
9 (RLIN) 6049
Topical term or geographic name entry element Applied Mechanics
General subdivision ME
942 ## - ADDED ENTRY ELEMENTS (KOHA)
Source of classification or shelving scheme
Koha item type Book
Holdings
Withdrawn status Lost status Source of classification or shelving scheme Damaged status Not for loan Permanent Location Current Location Shelving location Date acquired Total Checkouts Full call number Barcode Date last seen Price effective from Koha item type
          Pakistan Navy Engineering College (PNEC) Pakistan Navy Engineering College (PNEC)       620.1 LOW PNECLIB-017140 08/31/2015   Book
© 2023 Central Library, National University of Sciences and Technology. All Rights Reserved.